Statistics for Disney Princesses

Click here to take the quiz!

General Stats

  • This quiz has been taken 38 times
    (22 since last reset)
  • The average score is 13 of 14

Answer Stats

HintAnswer% Correct
Princess of ArendelleAnna
100%
Beauty and the BeastBelle
100%
Queen of ArendelleElsa
100%
AladdinJasmine
100%
The Little MermaidAriel
94%
Princess poisoned by an appleSnow White
94%
Princess and the FrogTiana
94%
Maid who slept in cindersCinderella
89%
BraveMerida
89%
Female warriorMulan
89%
TangledRapunzel
89%
Sleeping BeautyAurora
83%
Daughter of the chief, loves the waterMoana
83%
Indian, daughter of the chiefPocahontas
72%

Score Distribution

Percentile by Number Answered

Percent of People with Each Score

Your Score History

You have not taken this quiz since the last reset